00358nam a2200145Ia 4500008004100000020001500041041000800056082001600064100002100080245004000101250000600141260004400147300001200191650000900203210716s1996 xx 000 0 und d a8120308840 aeng a005.73 KRUR aKruse, Robert L. aData structures and program design. a1 aNew DelhibPrentice Hall of Indiac1996 axiv,689 aNone